| 000 | 01966cam a2200337 4500 | ||
|---|---|---|---|
| 001 | ##L133990 | ||
| 008 | 060628n2006 000 0 eng u | ||
| 020 |
_a1842193007 _a9781842193007 |
||
| 035 | _a(Sirsi) u133990 | ||
| 041 | 0 | _aeng | |
| 050 | 0 | 4 | _a346.4104342 $2 18 |
| 110 | 2 |
_aRoyal Institution of Chartered Surveyors _94900 |
|
| 245 | 0 | 0 |
_aService charges in commercial property _bRICS code of practice |
| 260 |
_aLondon _bRICS _c2006 |
||
| 490 | 0 | _aRICS Code of Practice | |
| 490 | 0 | _aRICS Guidance Note | |
| 505 | 2 | _aTerminology used in the code -- Introduction -- The code -- Technical support -- Appendices | |
| 520 | _aSets out RICS' code of practice for implementing service charges for commercial property in new or renewed leases. Written in the light of UK government concerns about disputes over service charges and their alleged lack of transparency. Although the code is voluntary, a court investigating an allegation of professional negligence against a practitioner is likely to take account of the contents of the code of practice in deciding whether or not the practitioner acted with reasonable competence. | ||
| 520 | _aSupersedes "Service charges in commercial property: a guide to good practice" (J109166). | ||
| 520 | _aSuperseded by second edition (ISBN 9781842196687). | ||
| 590 | _aKA | ||
| 651 | 4 |
_aEngland and Wales _y1543- |
|
| 690 | _aPROPERTY-COMMERCIAL PROPERTY-LEASEHOLD COMMERCIAL PROPERTY-COMMERCIAL LANDLORD AND TENANT-COMMERCIAL SERVICE CHARGES | ||
| 710 | 2 |
_aBritish Council for Offices _93992 |
|
| 710 | 2 |
_aBritish Council of Shopping Centres _91982 |
|
| 710 | 2 |
_aBritish Property Federation _91604 |
|
| 710 | 2 |
_aBritish Retail Consortium _91582 |
|
| 710 | 2 |
_aProperty Managers Association _9213 |
|
| 856 |
_uhttps://www.rics.org/profession-standards/knowledge-and-information-services/document-delivery-and-other-kis-fees _zDigital copy available - please email [email protected] |
||
| 942 |
_n0 _2ddc |
||
| 999 |
_c105515 _d105515 |
||